| 000 | 00865cam a22002411i 4500 | ||
|---|---|---|---|
| 003 | SA-RiAUC | ||
| 005 | 20250715103200.0 | ||
| 008 | 250714s2005 le g 000 0 ara c | ||
| 040 |
_aSA-JeALM _bara _cSA-RiAUC _erda |
||
| 082 | 0 | 4 |
_a252.5 _qSA-RiAUC |
| 090 |
_a252.5 _bح ج ا |
||
| 100 | 1 |
_aالحجار، محمد محمود، _d1340-1428 هجري _eمؤلف. |
|
| 245 | 1 | 0 |
_aعلموني يا قوم كيف أحج: _cمحمد الحجار. |
| 250 | _aالطبعة الخامسة. | ||
| 264 | 1 |
_aبيروت : _bدار البشائر الاسلامية، _c2003. |
|
| 300 |
_a304 صفحة ؛ _c14 سم. |
||
| 336 |
_aنص _btxt _2rdacontent _3كتاب |
||
| 337 |
_aبدون وسيط _bn _2rdamedia |
||
| 338 |
_aمجلد _bnc _2rdacarrier |
||
| 650 | 7 |
_aالحج (فقه إسلامي) _2aucsh |
|
| 942 |
_2ddc _cBOOK _n0 |
||
| 949 |
_aSA-JeALM _d250714 _uosman123 _n1 |
||
| 999 |
_c9965 _d9965 |
||